| 000 | 00620nam a2200193 4500 | ||
|---|---|---|---|
| 003 | LK-CoMWRAF | ||
| 005 | 20231214204950.0 | ||
| 008 | 231214b |||||||| |||| 00| 0 eng d | ||
| 020 | _a9558570362 | ||
| 040 |
_aLK-CoMWRAF _dLK-CoMWRAF _eLK-CoMWRAF |
||
| 041 | _asin | ||
| 082 |
_a891.483 _bSAN |
||
| 100 | _aසන්නස්ගල, උපුල් | ||
| 245 | _aතුඹසක විලාපය | ||
| 246 | _aThumbasaka wilapaya | ||
| 260 |
_aනුගේගොඩ : _bසංහිඳ මුද්රණ සහ ප්රකාශන _c2004 |
||
| 650 | _aසිංහල නවකතා | ||
| 942 | _cBK | ||
| 999 |
_c4466 _d4466 |
||